000
00307nam a22001217a 4500
008
180308b xxu||||| |||| 00| 0 eng d
041
_a
eng
080
_a
621
100
_a
27
101
_a
MEC
245
_a
USE OF COMPUTERS FOR ENVIRONMENTAL ENGINEERING RELATED TO BUILDING
_c
KON
942
_2
udc
_c
BK
999
_c
44517
_d
44517